| 000 | 00956 a2200229 4500 | ||
|---|---|---|---|
| 005 | 20260402130654.0 | ||
| 008 | 260402b |||||||| |||| 00| 0 eng d | ||
| 020 | _a9789391798864 (hbk) | ||
| 037 | _cTB | ||
| 040 |
_aCRL _cCRL |
||
| 041 |
_2hin _ahin |
||
| 084 |
_a4,1 152R2 _qCRL |
||
| 100 |
_aचतुर्वेदी, जगदीश्वर _9875769 |
||
| 245 | _aमाध्यम और सांस्कृतिक साम्राज्यवाद | ||
| 260 |
_aदिल्ली, भारत: _bएकैडमिक पब्लिकेशन, _c2022. |
||
| 300 | _a314पृ. | ||
| 365 |
_b1295.00 _cINR |
||
| 650 | _aपत्रकारिता | ||
| 650 |
_aसाम्राज्यवाद _91234068 |
||
| 942 |
_cTB _2CC _h4,1 152R2 |
||
| 999 |
_c1474540 _d1474540 |
||